Normal view
MARC view
Entry Topical Term
001 - CONTROL NUMBER
- control field: 7789
003 - CONTROL NUMBER IDENTIFIER
- control field: OSt
005 - DATE AND TIME OF LATEST TRANSACTION
- control field: 20190121073222.0
008 - FIXED-LENGTH DATA ELEMENTS
- fixed length control field: 190121|| aca||aabn | a|a d
040 ## - CATALOGING SOURCE
- Original cataloging agency: OSt
- Transcribing agency: OSt
150 ## - HEADING--TOPICAL TERM
- Topical term or geographic name entry element: Vampires
- Form subdivision: Fiction.
670 ## - SOURCE DATA FOUND
- Source citation: Work cat.: (OSt)24822: Stoker, Bram. 7788, Dracula /, 2013.